Regulace trhu zemědělských a potravinářských výrobků.

Posilňovanie vplyvu trhu na hospodársky vývoj a na rozhodovanie jednotlivých subjektov v oblasti poľnohospodárstva a výroby potravín. Základné ciele regulácie trhu poľnohospodárskych a potravinárskych výrobkov. Zásady štátu na trhu poľnohospodárskych výrobkov a potravín. Situácia poľnohospodárskeho...

ver descrição completa

Na minha lista:
Detalhes bibliográficos
Autor principal: Vojtěch, V.
Formato: Capítulo de Livro
Idioma:tcheco
Assuntos:
Tags: Adicionar Tag
Sem tags, seja o primeiro a adicionar uma tag!

MARC

LEADER 00000naa a2200000 4500
001 r012859
005 20221205080843.3
041 0 |a cze 
044 |a CZ 
245 1 0 |a Regulace trhu zemědělských a potravinářských výrobků.  |c V. Vojtěch 
520 |a Posilňovanie vplyvu trhu na hospodársky vývoj a na rozhodovanie jednotlivých subjektov v oblasti poľnohospodárstva a výroby potravín. Základné ciele regulácie trhu poľnohospodárskych a potravinárskych výrobkov. Zásady štátu na trhu poľnohospodárskych výrobkov a potravín. Situácia poľnohospodárskeho a potravinárskeho trhu v ČR a SR a vplyvy štátu na tomto trhu. 
610 2 0 |a regulácia trhu 
610 2 0 |a poľnohospodárstvo 
610 2 0 |a potravinárstvo 
610 2 0 |a integrácia ekonomická medzinárodná 
610 2 0 |a GATT 
610 2 0 |a politika poľnohospodárska 
610 2 0 |a intervencionizmus štátny 
610 2 0 |a Čechy 
610 2 0 |a Slovensko 
610 2 0 |a potraviny 
610 2 0 |a výrobky poľnohospodárske 
100 1 |a Vojtěch, V.